Adresár gymnázií a stredných odborných škôl v Slovenskej republike

Bibliographic Details
Main Author: Ferenci, Daniel
Format: Serial
Language:Slovak
PhysicalDescription:[6 zv.] 21 cm
Published: Bratislava Ústav informácií a prognóz školstva [1996-2001]
ISBN:8070982217 (brož. : r. 1996/1997)
8070981873 (brož. : r. 1998/1999)
8070982500 (brož. : r. 2000/2001)
8070981644 (brož. : r. 1997/1998)
Subjects:

MARC

LEADER 00000cas a2200000 a 4500
001 vtls001457295
003 SK-MaSNL
005 20260425194105.0
008 130607d19962001xo a|| 0 0 0slo
015 |a SNBF1998/04-02887 (r. 1997/1998)  |a SNBF1999/03-01569 (r. 1998/1999)  |a SNBE2001/03-02023 (r. 2000/2001) 
020 |a 8070982217 (brož. : r. 1996/1997) 
020 |a 8070981873 (brož. : r. 1998/1999) 
020 |a 8070982500 (brož. : r. 2000/2001) 
020 |a 8070981644 (brož. : r. 1997/1998) 
035 |a SNK000412602 
040 |a SNK  |b slo  |c SNK  |e AACR2 
041 0 |a slo 
043 |a e-xo--- 
044 |a xo  |c SK 
072 7 |a 373.5/.6  |x Stredné školy  |2 konspekt 
080 |a 373.5  |2 2011 
080 |a 373.5+377  |2 2011 
080 |a 050.8  |2 2011 
080 |a 050  |2 2011 
080 |a (437.6)  |2 2011 
100 1 |a Ferenci, Daniel  |9 267422 
245 0 0 |a Adresár gymnázií a stredných odborných škôl v Slovenskej republike  |c [autor: Daniel Ferenci] 
260 |a Bratislava  |b Ústav informácií a prognóz školstva  |c [1996-2001] 
300 |a [6 zv.]  |c 21 cm 
310 |a 1x ročne 
362 0 |a [1996/1997-2000/2001] 
650 0 7 |a gymnáziá  |2 SNKPH  |9 16386 
650 0 7 |a stredné školy  |2 SNKPH  |9 1279 
651 7 |a Slovensko  |2 SNKPHgeo  |9 14231 
655 7 |a adresáre  |2 SNKPH  |9 70415 
910 |a snk 
919 |a 80-7098-221-7 
919 |a 80-7098-187-3 
919 |a 80-7098-250-0 
919 |a 80-7098-164-4 
999 |c 3704  |d 5634 
952 |a SNK  |b SNK  |y NEVYP  |7 0  |o snkC 325  |i snk568/20010613  |0 0  |1 0  |4 0  |d 2001-06-12  |l 0  |r 2005-01-02 00:00:00  |w 2026-02-21 
952 |a SNK  |b SNK  |y PREZ  |7 0  |p 17A0563289  |o snkČSD 2215/1996-1997  |i snk2007/25579  |8 1  |0 0  |1 0  |4 0  |d 2007-11-22  |l 0  |r 2026-02-21 20:21:22  |w 2026-02-21 
952 |a SNK  |b SNK  |y PREZ  |7 0  |p 17A0563290  |o snkČSD 2215/1999-2000 D1  |i snk2007/25580  |8 0  |0 0  |1 0  |4 0  |d 2007-11-22  |l 0  |r 2026-02-21 20:21:22  |w 2026-02-21 
952 |a SNK  |b SNK  |y PREZ  |7 0  |p 17A0563291  |o snkČSD 2215/2001-2002  |i snk2007/25581  |8 1  |0 0  |1 0  |4 0  |d 2007-11-22  |l 0  |r 2026-02-21 20:21:22  |w 2026-02-21 
952 |a SNK  |b SNK  |y PREZ  |7 0  |p 17A0134654  |o snkČSD 2215/1997-1998  |i snkKSP 4316/98  |0 0  |1 0  |4 0  |d 1998-04-22  |l 0  |r 2005-01-02 00:00:00  |w 2026-02-21 
952 |a SNK  |b SNK  |y PREZ  |7 0  |p 17A0134655  |o snkČSD 2215/1997-1998 D1  |i snkKSP 4317/98  |0 0  |1 0  |4 0  |d 1998-04-22  |l 0  |r 2005-01-02 00:00:00  |w 2026-02-21 
952 |t P60, <09>, [BOOK], {629}  |a SNK  |b SNK  |y NEVYP  |7 0  |o snkC 327  |i snk570/20010613  |0 0  |1 0  |4 0  |d 2001-06-12  |l 0  |r 2005-01-02 00:00:00  |w 2026-02-21 
952 |a SNK  |b SNK  |y PREZ  |7 0  |p 17A0303592  |o snkČSD 2215/2000-2001  |i snkKSP 7212/2001  |0 0  |1 0  |4 0  |d 2001-06-12  |l 0  |r 2005-01-02 00:00:00  |w 2026-02-21 
952 |a SNK  |b SNK  |y PREZ  |7 0  |p 17A0303593  |o snkČSD 2215/2000-2001 D1  |i snkKSP 7213/2001  |0 0  |1 0  |4 0  |d 2001-06-12  |l 0  |r 2005-01-02 00:00:00  |w 2026-02-21 
952 |a SNK  |b SNK  |y PREZ  |7 0  |p 17A0200525  |o snkČSD 2215/1998-1999  |i snkKSP 7615/99  |0 0  |1 0  |4 0  |d 1999-07-13  |l 0  |r 2005-01-02 00:00:00  |w 2026-02-21 
952 |a SNK  |b SNK  |y PREZ  |7 0  |p 17A0200526  |o snkČSD 2215/1998-1999 D1  |i snkKSP 7616/99  |0 0  |1 0  |4 0  |d 1999-07-13  |l 0  |r 2005-01-02 00:00:00  |w 2026-02-21 
952 |a SNK  |b SNK  |y PREZ  |7 0  |p 17A0392224  |o snkČSD 2215/1999-2000  |i snkKSP 9184/2003  |0 0  |1 0  |4 0  |d 2003-07-28  |l 0  |r 2005-01-02 00:00:00  |w 2026-02-21